000 01005nam a2200349 a 4500
003 AR-BaBNM
005 20251128210906.0
008 082120s2002 ||||||||||||||000 | spa||
020 _a950-581-008-5
040 _cAR-BaBNM
100 1 _aBécquer, Gustavo Adolfo
245 0 0 _aRimas y leyendas
_bcartas, ensayos y narraciones
250 _a2ª ed.
260 _aBuenos Aires
_bEdiciones Colihue
_c1998
300 _a254 p.
490 0 _aLeer y crear
_vv. 8
500 _aContiene referencias bibliográficas y propuestas de trabajo
650 4 _aANTOLOGIAS
650 4 _aLITERATURA POPULAR
650 4 _aLEYENDAS
650 4 _aCOSTUMBRES Y TRADICIONES
650 4 _aROMANTICISMO
650 4 _aLITERATURA ESPAÑOLA
650 4 _aLITERATURA FOLKLORICA
650 4 _aPOESIA
655 _aLITERATURA
700 1 _aPlanas, María Cristina
_ecompilador
700 1 _aPlaza, María del Carmen
_ecompilador
800 1 _aPetruzzi, Herminia
_edirector
942 _cBK
998 _cMARTIN
999 _c17324
_d17324